Projection engineering ... : the journal of sound and light projection industries.

Bibliographic Details
New Title:International projectionist
Format: Journal
Language:English
Published: [New York city] : [Bryan Davis publishing co., inc]
Subjects:

MARC

Tag First Indicator Second Indicator Subfields
LEADER 00000cas a2200000L 4500
001 in00000045372
005 20151007071227.0
008 751019d19291933nyumr p 0uuua0eng
010 |a  47041534  
035 |a (OCoLC)01716324 
035 |9 AAE5559AM 
040 |a DLC  |c MUL  |d TXA  |d UtOrBLW 
049 |a TXAE 
050 0 |a TR845  |b .P7 
245 0 0 |a Projection engineering ... :  |b the journal of sound and light projection industries. 
264 1 |a [New York city] :  |b [Bryan Davis publishing co., inc] 
300 |a 5 volumes in 3 :  |b illustrations (including diagrams) ;  |c 30 cm.  |a monthly. 
336 |a text  |b txt  |2 rdacontent 
337 |a unmediated  |b n  |2 rdamedia 
338 |a volume  |b nc  |2 rdacarrier 
362 0 |a v. 1-5, no. 3; Sept. 1929-Mar. 1933. 
580 |a Merged into the International projectionist.  |z cf. Union list of serials. 
650 0 |a Cinematography  |v Periodicals. 
650 0 |a Television  |v Periodicals. 
785 1 4 |t International projectionist 
999 |a MARS 
999 f f |s 72356b3f-3db4-3e03-aec1-639e0c7ddb9b  |i a3a942fe-ecc4-3365-8ca2-c69e8969bc08  |t 0 
952 f f |p ric  |a Texas A&M University  |b Rellis Campus  |c Joint Library Facility  |d Remote Storage  |t 0  |e TR845 .P7  |h Library of Congress classification  |i unmediated -- volume  |k v.1  |l 1929:Sept.-Dec.  |m A14833807462 
952 f f |p ric  |a Texas A&M University  |b Rellis Campus  |c Joint Library Facility  |d Remote Storage  |t 0  |e TR845 .P7  |h Library of Congress classification  |i unmediated -- volume  |k v.2  |l 1930  |m A14833807501 
952 f f |p ric  |a Texas A&M University  |b Rellis Campus  |c Joint Library Facility  |d Remote Storage  |t 0  |e TR845 .P7  |h Library of Congress classification  |i unmediated -- volume  |k v.3  |l 1931  |m A14833807543 
952 f f |p ric  |a Texas A&M University  |b Rellis Campus  |c Joint Library Facility  |d Remote Storage  |t 0  |e TR845 .P7  |h Library of Congress classification  |i unmediated -- volume  |k v.4-5:no.1-3  |l 1932-1933:Mar.  |m A14833807349 
998 f f |a TR845 .P7  |s v.5:no.1-3 (1933:Jan.-Mar.)  |t 0  |l Remote Storage